| 000 | 02627nam a22001817a 4500 | ||
|---|---|---|---|
| 003 | NUST | ||
| 005 | 20260207131306.0 | ||
| 082 | _a621.382,GAH | ||
| 100 |
_aGhafoor, Umar _9113002 |
||
| 245 |
_aResource Allocation in 5G/IoT Networks / _cUmar Ghafoor |
||
| 260 |
_aRawalpindi, _bMCS (NUST), _c2023 |
||
| 300 | _aix, 163 p | ||
| 505 | _aOptimal utilization of resources like base station (BS) selection, user clustering (UC), user association, power, and spectrum allocation are ambitious targets of future 5th generation (5G) networks. 5G network will require immense capacity due to rise in the number of multimedia applications and mobile devices. In this regard, heterogeneous networks (HetNets), when compared to the existing traditional single-tier homogeneous networks, can increase the network throughput to satisfy the drastic increase in capacity demands. Homogeneous networks include only a macro base station (MBS), where HetNets include MBS and several small base stations (SBSs) which result in high throughput and energy efficiency (EE) of the network. Another important aspect of 5G is user access network, which is based on multiple access (MA) schemes. In the previous generations, orthogonal multiple access (OMA) scheme was used in which only one subcarrier (SC) was allocated to a user in the near vicinity and remote location. A user was associated with a remote MBS due to high transmit power compared to the nearby SBS with low transmit power in 4th generation (4G) HetNet. This scheme is not able to fulfill vast growing demands of users for multimedia applications, entertainment purposes, and internet usage in 5G. Hence, to meet the demands of future 5G, a novel nonorthogonal multiple access (NOMA) scheme, in which more than one user can be allocated to a single SC can be explored. This scheme will introduce interference among users on a single SC that can be mitigated using successive interference cancellation (SIC). Also, UC can be explored to further mitigate inter-cluster interference. UC can be defined as the group of users assigned an orthogonal SC. Moreover, hybrid nonorthogonal multiple access (HNOMA) scheme will ensure sub-optimal and economical utilization of resources, i.e., infrastructure, power, and frequency in future 5G HetNets. H-NOMA is a combination of OMA and NOMA. H-NOMA can meet the increasing demands of multimedia applications and mobile devices in 5G HetNet. | ||
| 650 |
_aPhD Electrical Engineering Thesis _9133107 |
||
| 651 |
_aPhD EE Thesis _9133108 |
||
| 700 |
_aSupervised by Dr. Adil Masood Siddiqui _9132783 |
||
| 942 |
_2ddc _cTHE |
||
| 999 |
_c616118 _d616118 |
||